Music Quiz

Random Music or Numbers Quiz

Finish the Eye of the Tiger Lyrics Quiz Stats

 Plays Quiz Updated Jan 31, 2012

Score 0/20 Timer 05:00
6 Plays Today
Lyrics Missing Lyrics % Correct
Just a man and his...will to survive
83.6%
you trade your passion for...glory
82.4%
Did my time,...took my chances
81.9%
and he's watching us all with...the eye of the tiger
72.3%
rising up...back on the street
70.8%
It's the eye of the tiger...it's the thrill of the fight
69.8%
rising up to the...challenge of our rival
63.5%
so many times...it happens too fast
63.3%
Went the distance...now I'm back on my feet
59.9%
You must fight just to...keep them alive
56.8%
Lyrics Missing Lyrics % Correct
and the last known survivor...stalks his prey in the night
46.6%
just a man...and his will to survive
44.5%
don't lose your grip on the...dreams of the past
42.8%
hangin' tough,...stayin' hungry
30.9%
risin' up...straight to the top
28.3%
went the distance...now I'm not gonna stop
28%
Had the guts...got the glory
27.8%
Face to face...out in the heat
24.3%
for the kill with the...skill to survive
17.9%
they stack the odds, still we...take to the street
16.5%

You're not logged in!

Compare scores with friends on all Sporcle quizzes.
OR
Log In

Sporcle TV

Today on Sporcle TV


Watch our educational content, quiz creation guides, and fun videos on Sporcle TV.

Show Comments

Extras

Top Quizzes Today


Score Distribution

Your Account Isn't Verified!

In order to create a playlist on Sporcle, you need to verify the email address you used during registration. Go to your Sporcle Settings to finish the process.

Report this User

Report this user for behavior that violates our Community Guidelines.

Details: